000 00579nam a22001817a 4500
999 _c186493
_d186493
005 20220307150224.0
010 _aENG-131858
020 _a9788188568079
_c595.00
035 _aEN-115390
037 _bDBAD/PUB
082 _a381.0954
_b1
245 _aMarketing In 21st Century:
_bChallenges & Opportunities
_cEdited by Anitha H.S.
260 _aNew Delhi
_bKnowledge Plus
_c2011
270 _a6/15, Punjabi Bagh Extension
_bNew Delhi
_e110026
300 _aviiiI, 222p.
_c22cm(hbk)
_bContributors
700 _aS. Anitha S.
942 _2ddc
_cEN
_h381.0954
_mMAR